| 000 | 01256nam a22002777a 4500 | ||
|---|---|---|---|
| 001 | 3831 | ||
| 003 | FISKH | ||
| 005 | 20240515151923.0 | ||
| 008 | 240515b cb ||||| |||| 00| 0 eng d | ||
| 020 | _a9781338054644 | ||
| 040 |
_aFISKH _beng _cFISKH _dFISKH |
||
| 050 | _aTR140.P35 | ||
| 082 | _a770.89 | ||
| 100 | _aWeatherford, Carole Boston | ||
| 245 |
_aGordon Parks: _bHow the Photographer Captured Black and White America / _cby Carole Boston Weatherford : illustrated by Jamey Christoph |
||
| 260 |
_aNew York : _bSholastic ; _c2015 |
||
| 300 |
_a31 unnumbered pages : _bcolor illustrations ; _c26 cm . |
||
| 505 | _aM | ||
| 520 | _aGordon Parks is most famous for being the first black director in Hollywood. But before he made movies and wrote books, he was a poor African American looking for work. When he bought a camera, his life changed forever. He taught himself how to take pictures and before long, people noticed. This is a fixed-format ebook, which preserves the design and layout of the original print book. . | ||
| 521 | 8 |
_a530
_bLexile estimate |
|
| 521 | 8 |
_aM
_bRaz-Plus |
|
| 650 |
_aGordon Parks _vNon-fiction |
||
| 700 |
_aChristoph , Jamey _eillustrator |
||
| 942 |
_2ddc _cBK _n0 |
||
| 999 |
_c3831 _d3831 |
||